Mexican States A - Z - Statistics

General Stats
  • This quiz has been taken 1,034 times
  • The average score is 12 of 17
Answer Stats
Hint State % Correct
M Mexico / Michoacán / Morelos
90%
C Campeche / Chiapas / Chihuahua / Coahuila / Colima
88%
B Baja California / Baja California Sur
84%
Y Yucatán
83%
J Jalisco
79%
S San Luis Potosi / Sinaloa / Sonora
76%
O Oaxaca
74%
T Tabasco / Tamaulipas / Tlaxcala
70%
V Veracruz
70%
D Durango
69%
Q Querétaro / Quintana Roo
69%
N Nayarit / Nuevo León
66%
Z Zacatecas
65%
G Guanajuato / Guerrero
64%
H Hidalgo
61%
P Puebla
61%
A Aguascalientes
60%
No matching quizzes found
Score Distribution
Percent of People with Each Score
Percentile by Number Answered
Your Score History
You have not taken this quiz